000 00511nam a22001937a 4500
999 _c5892
_d5892
003 OSt
005 20251127092428.0
008 251127b ||||| |||| 00| 0 eng d
020 _a9780241514504
040 _cKH8
082 _aFIC HOS
100 _aHoskins, Hayley,
_eauthor.
245 _aThe Whisperling /
_cHayley Hoskins.
260 _aUK ;
_bPenguin Random House ,
_c2022.
300 _a339 pages :
_billustrations ;
_c20 cm.
650 _aGhost
_vfiction
650 _aSecret
_vfiction
942 _2ddc
_cFIC